000 03349nam a22003737a 4500
005 20120904113921.0
010 _aB-463574-588
020 _a9788129116284
_c150.00
035 _aB-463574-588
037 _adpl
_bRBC Pub/Ven
082 _a954.084
100 _aPal, Bipin Chandra
_952140
245 _aThe soul of India:
_ba constructive study of Indian thoughts and ideals/
_cby Bipin Chandra Pal ; introduction by Indra Nath Choudhuri
260 _aNew Delhi
_bRupa.Co
_c2010
270 _a7/16, Ansari Road, Daryaganj
_bNew Delhi
_e110002
300 _a224p.
_c22cm. (pbk)
942 _2ddc
_cEN
_mPAL
_h954.084
999 _c69701
_d69701